000 00439nam a2200181Ia 4500
008 100917s9999 xx 000 0 und d
082 _b7238
100 _aनांगरे बलराम
245 _aअपंगा
260 _b---
_c1965
300 _a167
365 _b6
520 _aकादंबरी
630 _aअपंगा
650 _aकादंबरी
730 _aअपंगा
942 _cBOOK
999 _c612632
_d612629